00357nam a2200133Ia 4500003000400000005001700004008004100021040001800062041000800080100004600088110001900134245005000153260002000203OSt20230526152812.0211028s2016 xx 000 0 und d cAIMIT LIBRARY aeng aGonsalves, Noel; D'Souza, Mithun.e141906 aMithun D'Souza aAPIs for REACH: a retailer ordering platform. aMangalorec2016